| 000 | 01094 a2200265 4500 | ||
|---|---|---|---|
| 999 |
_c11276 _d11276 |
||
| 020 | _a978109136871 | ||
| 050 |
_aRT6 _bMCI 2014 |
||
| 100 |
_aMcIntyre, Marjorie _eauthor |
||
| 245 |
_aRealities of Canadian nursing : professional, practice, and power issues: _bprofessional, practice, and power issues |
||
| 250 | _aFourth edition | ||
| 264 |
_aPhiladelphia: _bLippincott Williams & Wilkins; _c2014 |
||
| 300 |
_axxii, 474 pages; _billustrations |
||
| 336 |
_2rdacontent _atext _btxt |
||
| 337 |
_2rdamedia _aunmediated _bn |
||
| 338 |
_2rdacarrier _avolume _bnc |
||
| 500 | _aIncludes bibliographical references and index | ||
| 505 | _aPart 1: Nurses and the healthcare system; Part 2: The influence of organizational structures and regulation; Part 3: Issues related to knowledge generation and dissemination, Part4: Workplace realities | ||
| 520 | _aNursing issues | ||
| 650 | _aNursing -- Canada | ||
| 650 | _aNursing | ||
| 650 | _aNurses | ||
| 700 |
_aMcIntyre, Marjorie _eco-author |
||
| 700 |
_aThomlinson, Elizabeth _eco-author |
||
| 942 |
_2lcc _cBK _eFourth edition _h6 _iMCI _kRT |
||